| 000 | 00998nam1a22002891i 4500 | ||
|---|---|---|---|
| 001 | v19\rc\1337626 | ||
| 005 | 20260407113221.0 | ||
| 035 | _a(NLR Aleph) 004486677 | ||
| 090 |
_a4630457 _c4630457 |
||
| 100 | _a20060512g18561858|||a0rusy50 ca | ||
| 101 | 0 | _arus | |
| 102 | _aRU | ||
| 105 | _a z ||||| | ||
| 200 | 1 | _aИзвлечение из Отчета министра государственных имуществ... | |
| 210 |
_aСанкт-Петербург _d1856-1858 |
||
| 215 | _d25 | ||
| 710 | 0 | 1 |
_aРоссия _bМинистерство государственных имуществ _3RU\NLR\AUTH\889942724 _9380460 |
| 801 | 0 |
_aRU _bNLR _gpsbo |
|
| 801 | 0 |
_aRU _bRuMoRGB _2psbo |
|
| 801 | 1 |
_aRU _bProSoft-M _2rusmarc |
|
| 852 |
_aNLR (1842-1856*) _jШифры разные |
||
| 899 |
_aRuMoRGB (1842-1856) _jF 72/10 |
||
| 899 |
_aRuMoRGB (1842-1856) _jF 26/68 |
||
| 899 | _aБАН (1842-1856*) | ||
| 899 | _aГПИБ (1842-1856*) | ||
| 899 | _aНБ МГУ (1843-1851*) | ||
| 942 | _cBOOK | ||